Способы ликвидации последствий заражения радиоактивными веществами; Экология и безопасность в техносфере: современные проблемы и пути решения; Т. 2

Opis bibliograficzny
Parent link:Экология и безопасность в техносфере: современные проблемы и пути решения: сборник трудов Всероссийской научно-практической конференции молодых ученых, аспирантов и студентов, Юрга, 5-6 ноября 2015 г./ Национальный исследовательский Томский политехнический университет (ТПУ), Юргинский технологический институт (ЮТИ) ; под ред. Д. А. Чинахова.— , 2015
Т. 2.— 2015.— [С. 350-353]
1. autor: Пеньков А. И. Александр Иванович
Korporacja: Национальный исследовательский Томский политехнический университет (ТПУ) Юргинский технологический институт (филиал) (ЮТИ) Кафедра безопасности жизнедеятельности, экологии и физического воспитания (БЖДЭФВ)
Kolejni autorzy: Мутина А. Н.
Streszczenie:Заглавие с титульного экрана
Język:rosyjski
Wydane: 2015
Seria:Современные технологии ликвидации ЧС и техническое обеспечение аварийно-спасательных работ
Hasła przedmiotowe:
Dostęp online:http://earchive.tpu.ru/handle/11683/15155
http://www.lib.tpu.ru/fulltext/c/2015/C52/V2/109.pdf
Format: Elektroniczne Rozdział
KOHA link:https://koha.lib.tpu.ru/cgi-bin/koha/opac-detail.pl?biblionumber=617040

MARC

LEADER 00000naa2a2200000 4500
001 617040
005 20231102023641.0
035 |a (RuTPU)RU\TPU\conf\15296 
035 |a RU\TPU\conf\15287 
090 |a 617040 
100 |a 20160201d2015 k y0rusy50 ca 
101 0 |a rus 
102 |a RU 
105 |a y z 101zy 
135 |a drgn ---uucaa 
181 0 |a i  
182 0 |a b 
200 1 |a Способы ликвидации последствий заражения радиоактивными веществами  |f А. И. Пеньков, А. Н. Мутина 
203 |a Текст  |c электронный 
225 1 |a Современные технологии ликвидации ЧС и техническое обеспечение аварийно-спасательных работ 
230 |a 1 компьютерный файл (pdf; 201 Kb) 
300 |a Заглавие с титульного экрана 
320 |a [Библиогр.: с. 353 (5 назв.)] 
337 |a Adobe Reader 
461 1 |0 (RuTPU)RU\TPU\conf\14041  |t Экология и безопасность в техносфере: современные проблемы и пути решения  |o сборник трудов Всероссийской научно-практической конференции молодых ученых, аспирантов и студентов, Юрга, 5-6 ноября 2015 г.  |o в 2 т.  |f Национальный исследовательский Томский политехнический университет (ТПУ), Юргинский технологический институт (ЮТИ) ; под ред. Д. А. Чинахова  |d 2015 
463 0 |0 (RuTPU)RU\TPU\conf\14044  |t Т. 2  |v [С. 350-353]  |d 2015 
610 1 |a труды учёных ТПУ 
610 1 |a электронный ресурс 
610 1 |a ликвидация 
610 1 |a последствия 
610 1 |a заражение 
610 1 |a радиоактивные вещества 
700 1 |a Пеньков  |b А. И.  |c специалист в области экологии и безопасности жизнедеятельности  |c старший преподаватель Юргинского технологического института (филиала) Томского политехнического университета  |f 1963-  |g Александр Иванович  |2 stltpush  |3 (RuTPU)RU\TPU\pers\32063  |9 16110 
701 1 |a Мутина  |b А. Н. 
712 0 2 |a Национальный исследовательский Томский политехнический университет (ТПУ)  |b Юргинский технологический институт (филиал) (ЮТИ)  |b Кафедра безопасности жизнедеятельности, экологии и физического воспитания (БЖДЭФВ)  |h 2240  |2 stltpush  |3 (RuTPU)RU\TPU\col\18930 
801 2 |a RU  |b 63413507  |c 20210211  |g RCR 
856 4 |u http://earchive.tpu.ru/handle/11683/15155 
856 4 |u http://www.lib.tpu.ru/fulltext/c/2015/C52/V2/109.pdf 
942 |c BK